00634nam a22002171 450000100060000000300080000600500170001400800410003103500190007204000260009104100080011708200190012510000410014424500760018526000470026130000180030850400500032665000160037665000140039265000100040630437BD-RjUL20211209051549.0140409s1976 ii b 001 0 eng d a(BD-RjUL)30522 aBD-RjULbengcBD-RjUL aeng a160bBHI 19761 aBhattacharya, Birendra Kumar,d1917-10aInference in Indian and Western logic /cby Birendra Kumar Bhattacharya aCalcutta :bSanskrit Pustak Bhandar,c1976 a56 p ;c23 cm aIncludes bibliographical references and index 0aHindu logic 0aInference 0aLogic